[Event "EYCC B18"]
[Site "Halkidiki GRE"]
[Date "2001.08.31"]
[Round "1"]
[White "Drozdovskij,Y"]
[Black "Sagafos,M"]
[Result "1-0"]
[WhiteElo "2452"]
[BlackElo "2208"]

1.d4 Nf6 2.c4 e6 3.Nc3 Bb4 4.Qc2 O-O 5.Nf3 b6 6.e4 Bxc3+ 7.bxc3 Bb7 8.Bd3 h6
9.O-O d6 10.Rd1 Re8 11.e5 Nfd7 12.Bf4 Qe7 13.Be4 Nc6 14.exd6 cxd6 15.d5 exd5
16.Bxd5 Nde5 17.Nxe5 Nxe5 18.Bxb7 Qxb7 19.Rxd6 Nxc4 20.Rd4 Rac8 21.h3 Qc6
22.Rad1 Na3 23.Qf5 Qe6 24.Qd3 Qxa2 25.Bxh6 Qc2 26.Qxc2 Nxc2 27.Rg4 Kh7 28.Bxg7 Rg8
29.Be5 Rxg4 30.hxg4 a5 31.Rd7 Kg8 32.Rd6 Re8 33.f4 b5 34.Rh6 Kf8 35.Bf6 Re1+
36.Kf2 Ke8 37.Rh5 Rb1 38.Rd5 Rf1+ 39.Kg3  1-0

[Event "EYCC B18"]
[Site "Halkidiki GRE"]
[Date "2001.09.02"]
[Round "3"]
[White "Pataki,G"]
[Black "Sagafos,M"]
[Result "1/2-1/2"]
[WhiteElo "2347"]
[BlackElo "2208"]

1.d4 Nf6 2.c4 e6 3.Nc3 Bb4 4.Qc2 O-O 5.a3 Bxc3+ 6.Qxc3 b6 7.Bg5 Bb7 8.f3 d6
9.e4 h6 10.Bd2 Qe7 11.Ne2 c5 12.d5 exd5 13.exd5 b5 14.b3 Nbd7 15.Kf2 Qe5
16.Qxe5 Nxe5 17.Ng3 bxc4 18.bxc4 Ba6 19.Rc1 Rab8 20.Be2 Rb2 21.Rhd1 Ra2 22.Kf1 Rxa3
23.Nf5 Rd8 24.Bf4 Ra2 25.Bxe5 dxe5 26.Ra1 Rxa1 27.Rxa1 Bc8 28.Ne7+ Kf8 29.Nc6 Re8
30.Rxa7 Bd7 31.Ra5 Bxc6 32.dxc6 Ke7 33.Rxc5 Kd6 34.Ra5 Re7 35.Bd1 Kxc6 36.Ba4+ Kb6
37.Rb5+ Kc7 38.Rc5+ Kb6 39.Rc6+ Kb7 40.Rd6 e4 41.c5 exf3 42.Bc6+ Kc7 43.Bxf3 Re5
44.Ra6 Rxc5 45.Ra7+ Kd6 46.Rxf7 Rc7 47.Rxc7  1/2-1/2

[Event "FSIMB September"]
[Site "Budapest HUN"]
[Date "2001.09.03"]
[Round "3"]
[White "Eperjesi,L"]
[Black "Kahn,E"]
[Result "1/2-1/2"]
[WhiteElo "2255"]
[BlackElo "2278"]

1.d4 Nf6 2.c4 e6 3.Nc3 Bb4 4.Qc2 O-O 5.a3 Bxc3+ 6.Qxc3 b6 7.Nf3 Bb7 8.g3 d6
9.Bg2 Nbd7 10.O-O Qe7  1/2-1/2

[Event "ch-UKR"]
[Site "Ordzhonikidze UKR"]
[Date "2001.09.08"]
[Round "1"]
[White "Goloshchapov,A"]
[Black "Mikhaletz,L"]
[Result "1/2-1/2"]
[WhiteElo "2550"]
[BlackElo "2485"]

1.d4 Nf6 2.c4 e6 3.Nc3 Bb4 4.Qc2 O-O 5.a3 Bxc3+ 6.Qxc3 b6 7.Bg5 Bb7 8.e3 d6
9.f3 Nbd7 10.Nh3 e5 11.Be2 Re8 12.O-O Nf8 13.d5 h6 14.Bxf6 Qxf6 15.Nf2 Qe7
16.Bd3 Nd7 17.Bc2 g6 18.f4 exf4 19.exf4 Qe3 20.Qxe3 Rxe3 21.Ng4 Re2 22.Rf2 Rxf2
23.Kxf2 h5 24.Ne3 Nf6 25.Ba4 Ne4+ 26.Kf3 f5 27.Bc6 Bxc6 28.dxc6 Nf6 29.b4 a5
30.b5 Re8 31.Rd1 Re4 32.Nd5 Nxd5 33.cxd5 Rc4 34.Ke3 Re4+ 35.Kf3 Kf7 36.h4 Kf6
37.g3 a4 38.Rd3 Rc4 39.Ke3 Rc5 40.Rd4 Rxb5 41.Rxa4 Rxd5 42.Ra7 Ra5 43.Rxc7 Rxa3+
44.Kd4 Ke6 45.Rg7 Ra4+ 46.Kd3 Kd5 47.c7 Rd4+ 48.Ke3 Rc4 49.Kd3 b5 50.Rxg6 Rxc7
51.Rf6 b4 52.Rxf5+ Ke6 53.Rxh5 Rc3+ 54.Kd4 Rxg3 55.Rb5  1/2-1/2

[Event "ch-HUN Women"]
[Site "Budapest HUN"]
[Date "2001.09.27"]
[Round "7"]
[White "Horvath,Ju"]
[Black "Lakos,N"]
[Result "1/2-1/2"]
[WhiteElo "2294"]
[BlackElo "2339"]

1.d4 Nf6 2.c4 e6 3.Nc3 Bb4 4.Qc2 O-O 5.Nf3 b6 6.a3 Bxc3+ 7.Qxc3 Bb7 8.Bg5 d6
9.e3 Nbd7 10.Be2 Rc8 11.Bh4 h6 12.Bxf6 Qxf6 13.O-O c5 14.Rfd1 Rfd8 15.Rac1 Ba6
16.b4 cxd4 17.Qxd4 Qxd4 18.Nxd4 Kf8 19.a4 Rc7 20.Nb5 Bxb5 21.cxb5 Rdc8 22.Rxc7 Rxc7
23.Rxd6 Rc1+ 24.Rd1 Rxd1+ 25.Bxd1 Nf6 26.Bf3 Ke7 27.Kf1 e5 28.Bc6 Kd6 29.e4 Ng8
30.Ke2 Ne7 31.Ba8 Ke6 32.Kd3 Nc8 33.Bd5+ Ke7 34.f4 f6 35.f5 Nd6 36.g4 Kf8
37.h4 Ke7 38.Ke3 Nc8 39.Kd3 Nd6 40.Bc6 Kf7 41.Bd7 Ke7 42.Bc6 Kf7 43.Ke2 Ke7
44.Bd5 Kf8 45.Kf2 Ke7 46.Kg3 Ne8 47.Kf3 Nd6 48.Bb3 Ne8 49.Bd5 Nd6 50.Bg8 Kf8
51.Be6 Ke7 52.Bd5  1/2-1/2

[Event "ch-HUN Women"]
[Site "Budapest HUN"]
[Date "2001.09.28"]
[Round "8"]
[White "Horvath,Ju"]
[Black "Csonkics,T"]
[Result "1/2-1/2"]
[WhiteElo "2294"]
[BlackElo "2227"]

1.d4 Nf6 2.c4 e6 3.Nc3 Bb4 4.Qc2 O-O 5.Nf3 c5 6.e3 cxd4 7.exd4 d5 8.Bg5 Nc6
9.Rd1 Be7 10.a3 h6 11.Bh4 dxc4 12.Bxc4 Nd5 13.Bxe7 Ncxe7 14.O-O b6  1/2-1/2

[Event "Tatry Open"]
[Site "High Tatras SVK"]
[Date "2001.10.01"]
[Round "4"]
[White "Tyda,K"]
[Black "Michenka,J"]
[Result "1-0"]
[WhiteElo "2078"]
[BlackElo "2319"]

1.d4 Nf6 2.c4 e6 3.Nc3 Bb4 4.Qc2 O-O 5.Bg5 h6 6.Bh4 c5 7.dxc5 Na6 8.a3 Bxc3+
9.Qxc3 g5 10.Bg3 Ne4 11.Qc2 Qa5+ 12.Kd1 f5 13.f3 Nxg3 14.hxg3 Qxc5 15.Nh3 Qd6+
16.Ke1 Qxg3+ 17.Nf2 Kg7 18.Qc3+ Kg6 19.Rh3 Qc7 20.e3 Nc5 21.Bd3 d6 22.Ke2 Qg7
23.Qxg7+ Kxg7 24.Bc2 a5 25.Rb1 Rf6 26.Rd1 Ra6 27.Rd2 Rb6 28.Nd3 Nxd3 29.Bxd3 e5
30.Rh1 Rf7 31.Rb1 a4 32.Rc1 Rc7 33.Bb1 Be6 34.Ba2 Kf6 35.Rh1 Kg6 36.Rc1 h5
37.e4 h4 38.Rc3 Kf6 39.exf5 Kxf5 40.Bb1+ Kf6 41.Bd3 Rbc6 42.Rdc2 g4 43.fxg4 Bxg4+
44.Ke3 Be6 45.Rf2+ Kg5 46.Rc1 Bxc4 47.Rcf1 Be6 48.Rf6 e4 49.Bxe4 d5 50.Rg6+ Kh5
51.Rff6 dxe4 52.Kf4 Rh7 53.Rg5+  1-0

[Event "Chigorin Mem Open"]
[Site "St Petersburg RUS"]
[Date "2001.10.01"]
[Round "7"]
[White "Inarkiev,E"]
[Black "Sorokin,M"]
[Result "1/2-1/2"]
[WhiteElo "2491"]
[BlackElo "2554"]

1.d4 Nf6 2.c4 e6 3.Nc3 Bb4 4.Qc2 O-O 5.a3 Bxc3+ 6.Qxc3 Ne4 7.Qc2 f5 8.Nh3 d6
9.e3 e5 10.Bd3 Qh4 11.O-O Nc6 12.dxe5 dxe5 13.b4 Nf6 14.f4 Ng4 15.Qc3 Be6
16.b5 Ne7 17.Bb2 Ng6 18.Be2 h6 19.Bf3 Rab8 20.fxe5 f4 21.Bxg4 Qxg4 22.Nxf4 Nxf4
23.exf4 Rxf4 24.h3 Rxf1+ 25.Rxf1 Qe4 26.Re1 Qf4 27.Qd4 Rf8 28.c5 Qxd4+ 29.Bxd4 Rd8
30.Bf2 Rd3 31.a4 c6 32.Re4 Kf7 33.Rb4  1/2-1/2

[Event "TCh-BUL"]
[Site "Pamporovo BUL"]
[Date "2001.10.04"]
[Round "2"]
[White "Dimitrov,Pl"]
[Black "Pantev,V"]
[Result "0-1"]
[WhiteElo "2266"]
[BlackElo "2308"]

1.d4 Nf6 2.c4 e6 3.Nc3 Bb4 4.Qc2 O-O 5.a3 Bxc3+ 6.Qxc3 Qe8 7.f3 d6 8.Bg5 Nfd7
9.e4 e5 10.d5 a5 11.b3 f5 12.Bd3 Nc5 13.exf5 Nxd3+ 14.Qxd3 Bxf5 15.Qd2 e4
16.f4 Nd7 17.Ne2 Nc5 18.Qe3 Nd3+ 19.Kd2 c6 20.Nc3 h6 21.Bh4 b5 22.h3 b4 23.Ne2 cxd5
24.cxd5 Qb5 25.g4 Bg6 26.f5 Qxd5 27.fxg6 Ne5+ 28.Kc2 Rf3 29.Nf4 Qc6+ 30.Kd2 Rxe3
31.Kxe3 Qc3+ 32.Kxe4 Qf3+  0-1

[Event "FSGM October"]
[Site "Budapest HUN"]
[Date "2001.10.08"]
[Round "3"]
[White "Hoang Thanh Trang"]
[Black "Horvath,P1"]
[Result "0-1"]
[WhiteElo "2439"]
[BlackElo "2441"]

1.d4 Nf6 2.c4 e6 3.Nc3 Bb4 4.Qc2 O-O 5.a3 Bxc3+ 6.Qxc3 b6 7.Bg5 Bb7 8.Nf3 d6
9.Nd2 Nbd7 10.f3 h6 11.Bh4 c5 12.e4 Rc8 13.Bd3 d5 14.e5 Ne4 15.Bxd8 Nxc3
16.Be7 Rfe8 17.Bd6 dxc4 18.Bxc4 cxd4 19.O-O a6 20.Bd3 Nd5 21.Nb3 Nf4 22.Rfd1 Nxd3
23.Rxd3 Rc2 24.Rb1 Rec8 25.Nxd4 R2c4 26.Rbd1 Bd5 27.Ne2 Rc2 28.R1d2 f6 29.exf6 gxf6
30.Nc3 Rc1+ 31.Rd1 Rxd1+ 32.Rxd1 Bb3 33.Rd2 e5 34.Kf2 Kf7 35.Ke3 Ke6 36.Bb4 Rc6
37.f4 exf4+ 38.Kxf4 a5 39.Re2+ Ne5 40.Bf8 Rc8 41.Bxh6 Rh8 42.Bg7 Rh4+ 43.Ke3 Kf7
44.g3 Rh7 45.Bxf6 Kxf6 46.Ne4+ Kg6 47.Kd4 Nf3+ 48.Kc3 Rc7+  0-1

[Event "FSIMB October"]
[Site "Budapest HUN"]
[Date "2001.10.09"]
[Round "4"]
[White "Pataki,G"]
[Black "Eperjesi,L"]
[Result "1/2-1/2"]
[WhiteElo "2344"]
[BlackElo "2294"]

1.d4 Nf6 2.c4 e6 3.Nc3 Bb4 4.Qc2 O-O 5.a3 Bxc3+ 6.Qxc3 d6 7.Bg5 Nbd7 8.e3 h6
9.Bh4 b6 10.Bd3 Bb7 11.f3 e5 12.d5 c6 13.dxc6 Bxc6 14.e4 Rc8 15.Bf2  1/2-1/2

[Event "YM"]
[Site "Zug SUI"]
[Date "2001.10.09"]
[Round "1"]
[White "Kuemin,S"]
[Black "Medvegy,Z"]
[Result "0-1"]
[WhiteElo "2300"]
[BlackElo "2487"]

1.d4 Nf6 2.c4 e6 3.Nc3 Bb4 4.Qc2 O-O 5.e4 c5 6.a3 Bxc3+ 7.bxc3 Nc6 8.e5 Ne8
9.Nf3 d6 10.Bd3 h6 11.O-O b6 12.Bf4 dxe5 13.dxe5 f5 14.exf6 Qxf6 15.Bg3 Bb7
16.Rfe1 Ne7 17.Bh4 g5 18.Bh7+ Kh8 19.Bg3 Ng7 20.Ne5 Rfd8 21.Be4 Bxe4 22.Qxe4 Nef5
23.Rad1 h5 24.Rd7 Kg8 25.Rf7 Nd6 26.Qc6 Nxf7  0-1

[Event "ULIM Cup"]
[Site "Kishnev MDA"]
[Date "2001.10.14"]
[Round "8"]
[White "Madan,A"]
[Black "Gordin,A"]
[Result "1/2-1/2"]
[WhiteElo "2139"]
[BlackElo "2226"]

1.d4 Nf6 2.c4 e6 3.Nc3 Bb4 4.Qc2 O-O 5.Nf3 c5 6.dxc5 Na6 7.Bd2 Bxc5 8.a3 d5
9.cxd5 exd5 10.Bg5 Be7 11.e3 Nc7 12.Bd3 h6 13.Bh4 Nh5 14.Bxe7 Qxe7 15.O-O Be6
16.Rac1 Ne8 17.Nb5 Rc8 18.Qd2 Rxc1 19.Rxc1 a6 20.Nbd4 Nd6 21.Qb4 Nf6 22.b3 Rc8
23.Rxc8+ Bxc8 24.Qc5 Bg4 25.h3 Bxf3 26.Nxf3 Qd8 27.Nd4 g6 28.a4 Nde4 29.Qc2 Qa5
30.Nf3 Kg7 31.Qb2 Qb4 32.Bxe4 dxe4 33.Ne5 Qd6 34.Ng4 h5 35.Nxf6 Qxf6 36.Qxf6+ Kxf6
37.Kf1 Ke5 38.Ke2 Kd5 39.Kd2 Kc5 40.Kc3 a5 41.g3 g5 42.Kc2 Kb4 43.Kb2 b6
44.Kc2 g4 45.hxg4 hxg4 46.Kb2 b5 47.axb5 Kxb5 48.Ka3 f6 49.Ka2 Kb4 50.Kb2 Kc5
51.Ka3 Kb5 52.Ka2 a4 53.bxa4+ Kxa4 54.Kb2 Kb4 55.Kc2 Kc4 56.Kd2 Kb3  1/2-1/2

[Event "6th Wichern Open"]
[Site "Hamburg GER"]
[Date "2001.10.20"]
[Round "8"]
[White "Lauber,A"]
[Black "Lugovoi,A"]
[Result "1/2-1/2"]
[WhiteElo "2424"]
[BlackElo "2498"]

1.d4 Nf6 2.c4 e6 3.Nc3 Bb4 4.Qc2 O-O 5.e4 d5 6.e5 Ne4 7.Bd3 c5 8.a3 Bxc3+
9.bxc3 Qa5 10.cxd5 exd5 11.Bd2 Bf5 12.f3 Nxd2 13.Bxf5 Nc4 14.Kf2 cxd4 15.cxd4 g6
16.Bd3 Qb6 17.Ne2 Nxe5 18.Rab1 Nxd3+ 19.Qxd3 Qc6 20.Rhc1 Qd7 21.Qb5 b6 22.Nf4 Rd8
23.Qxd7 Nxd7 24.Nxd5 Nf8 25.Nc7 Rac8 26.Nb5 a6 27.Nc7 Rxd4 28.Nxa6 Rxc1 29.Rxc1 Ra4
30.Nb4 Rxa3 31.Rc6 b5 32.Rb6 Ra5 33.Nc6 Ra2+ 34.Kf1 Rb2 35.Nd4 b4 36.Rb8 Kg7
37.Nc6 b3 38.Na5 Ra2 39.Nxb3 Ne6 40.Nc1 Ra1 41.Rc8 Nf4 42.Rc3 Rb1 43.g3 Ne6
44.Kf2 Nd4 45.Nd3 Rd1 46.Kg2 Rd2+  1/2-1/2

[Event "WYB14"]
[Site "Oropesa del Mar ESP"]
[Date "2001.10.23"]
[Round "3"]
[White "Glicenstein,A"]
[Black "Zavgorodniy,S"]
[Result "1/2-1/2"]
[WhiteElo "2196"]
[BlackElo "2440"]

1.d4 Nf6 2.c4 e6 3.Nc3 Bb4 4.Qc2 O-O 5.a3 Bxc3+ 6.Qxc3 b6 7.Bg5 Bb7 8.f3 h6
9.Bh4 d5 10.e3 Nbd7 11.cxd5 Nxd5 12.Bxd8 Nxc3 13.Be7 Rfe8 14.Bh4 Nd5 15.Bf2 c5
16.Bb5 Red8 17.e4 Nc7 18.Bxd7 Rxd7 19.dxc5 f5 20.cxb6 axb6 21.Rd1 Rxd1+ 22.Kxd1 fxe4
23.Ke2 Ba6+ 24.Ke3 Nd5+ 25.Kxe4 Bf1 26.h4 Kf7 27.Rh2 Ra4+ 28.Ke5 Ke7 29.Bd4 Nf6
30.b4 Rxa3 31.g4 Rd3 32.Ra2 Rd1 33.Ra7+ Nd7+ 34.Ke4 Bd3+ 35.Ke3 Bc4 36.Nh3 Rd3+
37.Ke4 Rb3 38.Be3 g5 39.hxg5 hxg5 40.Bxg5+ Ke8 41.Ra8+ Kf7  1/2-1/2

[Event "WYG16"]
[Site "Oropesa del Mar ESP"]
[Date "2001.10.25"]
[Round "5"]
[White "Bensdorp,M"]
[Black "Meshcheriakova,E"]
[Result "0-1"]
[WhiteElo "2110"]
[BlackElo "2191"]

1.d4 Nf6 2.c4 e6 3.Nc3 Bb4 4.Qc2 O-O 5.a3 Bxc3+ 6.Qxc3 Ne4 7.Qc2 f5 8.e3 b6
9.Nf3 Bb7 10.Bd3 d6 11.O-O Rf6 12.Nd2 Rh6 13.Nxe4 fxe4 14.Be2 Qh4 15.h3 Nd7
16.Bg4 Qe7 17.b4 Rf8 18.Bb2 Nf6 19.Be2 g5 20.f4 Qg7 21.d5 gxf4 22.Rxf4 e5
23.Rg4 Nxg4 24.Bxg4 Qf6 25.Bc3 Rg6 26.Rb1 Bc8 27.Bxc8 Rxc8 28.Qxe4 Rf8 29.Qc2 Rg3
30.e4 Qg5 31.Kh1 Qe3  0-1

[Event "IM"]
[Site "Le Touquet FRA"]
[Date "2001.10.27"]
[Round "1"]
[White "Flament,Fra"]
[Black "Therkildsen,T"]
[Result "1-0"]
[WhiteElo "2098"]
[BlackElo "2108"]

1.d4 Nf6 2.c4 e6 3.Nc3 Bb4 4.Qc2 O-O 5.a3 Bxc3+ 6.Qxc3 Ne4 7.Qc2 f5 8.Nh3 d6
9.f3 Nf6 10.Bd2 Nc6 11.e3 e5 12.dxe5 Nxe5 13.O-O-O Bd7 14.Nf4 Qe8 15.h4 c5
16.Bc3 b5 17.Rxd6 bxc4 18.Bxe5 Qxe5 19.Bxc4+ Kh8 20.Rd3 g6 21.Rhd1 Bc6 22.Qc3 Qxc3+
23.Rxc3 Rad8 24.Rxd8 Rxd8 25.Ne6 Rc8 26.Nxc5 Bxf3 27.Be6  1-0

[Event "Frauen Bundesliga 2001-2"]
[Site "GER"]
[Date "2001.10.28"]
[Round "2"]
[White "Socko,M"]
[Black "Elschner,A"]
[Result "1-0"]
[WhiteElo "2375"]
[BlackElo "2139"]

1.d4 e6 2.c4 Nf6 3.Nc3 Bb4 4.Qc2 O-O 5.a3 Bxc3+ 6.Qxc3 d6 7.Nf3 b6 8.Bg5 Bb7
9.e3 Nbd7 10.Bd3 h6 11.Bh4 c5 12.O-O cxd4 13.Nxd4 a6 14.Rac1 Rc8 15.b4 d5
16.Qb3 dxc4 17.Bxc4 Qe7 18.Rfd1 Ne5 19.Be2 Bd5 20.Qa4 Nc4 21.Bxc4 Bxc4 22.Qc2 Rfd8
23.Qb2 b5 24.f3 g5 25.Bf2 Nd5 26.Rc2 Qf6 27.Rcd2 Qe5 28.e4 Nf4 29.Qb1 Rd6
30.Be3 Qf6 31.g3 Ng6 32.Kg2 Rcd8 33.Nb3 Rxd2+ 34.Rxd2 Rxd2+ 35.Nxd2 Ne5 36.Qb2 Be2
37.Bd4 Bxf3+ 38.Kg1 Bxe4 39.Bxe5 Qf5 40.Bh8 Kf8 41.Qe5 Qxe5 42.Bxe5 Bd5 43.Bf6 Kg8
44.Kf2 Kh7 45.Ke3 Kg6 46.Bd4 Kf5 47.h3 h5 48.h4 gxh4 49.gxh4 e5 50.Bb6 Kg4
51.Ne4 Kxh4 52.Bd8+ Kh3 53.Nf6 Bc6 54.Bc7 h4 55.Bxe5 Kg2 56.Ng4 h3 57.Bf4 f5
58.Nh2 Be4 59.Ke2 Bd5 60.Kd3 Be4+ 61.Kd4 Kf2 62.Kc5 Ke2 63.Kb6 Bd5 64.Kxa6 Bc4
65.Kb6 Kd3 66.Kc5 Ke4 67.Bg5 Be2 68.Bh4 Ke3 69.Kd5 Kd3 70.Ke5 Kc2 71.Kxf5 Kb3
72.Kf4 Kxa3 73.Be7 Bc4 74.Kg3 Be6 75.Nf3 Bd7 76.Ng5 Kb3 77.Nxh3 Kc3 78.Ng5 Kd4
79.Kf4 Be8 80.Ne6+ Kc4 81.Ke5  1-0

[Event "Jonsson Mem Open"]
[Site "Reykjavik ISL"]
[Date "2001.10.31"]
[Round "8"]
[White "Thorarinsson,P"]
[Black "Kristjansson,S"]
[Result "0-1"]
[WhiteElo "2202"]
[BlackElo "2374"]

1.d4 Nf6 2.c4 e6 3.Nc3 Bb4 4.Qc2 O-O 5.a3 Bxc3+ 6.Qxc3 b5 7.cxb5 c6 8.bxc6 Nxc6
9.Bg5 Ba6 10.e3 Bxf1 11.Kxf1 Qb6 12.Bxf6 gxf6 13.Ne2 Rfc8 14.Rc1 Qa6 15.Qc4 Qb7
16.f3 Ne5 17.Qb4 Qxb4 18.axb4 Nd3 19.Rc3 Nxb2 20.Rb3 Rc2 21.Kf2 Rac8 22.Rb1 Na4
23.Ra3 Nc3 24.Re1 Rc7 25.Rb3 Rd2 26.Kf1 Nd5 27.Ng3 f5 28.Re2 Rd1+ 29.Kf2 f4
30.exf4 Nxf4 31.Ra2 Rxd4 32.Ke3 Rxb4 33.Rba3 Kf8 34.Ne4 Nd5+ 35.Kf2 f5 36.Ng5 h6
37.Nh3 Rbb7 38.Kg3 Ke7 39.Nf4 Nxf4 40.Kxf4 Kf6 41.Ra6 d5 42.h4 Rg7 43.h5 Rg5
44.Rxa7 Rxa7 45.Rxa7 Rxg2 46.Rh7 e5+ 47.Ke3 d4+ 48.Kd3 Rf2 49.Rxh6+ Kg5  0-1

[Event "Jonsson Mem Open"]
[Site "Reykjavik ISL"]
[Date "2001.10.31"]
[Round "8"]
[White "Thorfinnsson,Br"]
[Black "Ulfarsson,M"]
[Result "1-0"]
[WhiteElo "2393"]
[BlackElo "2298"]

1.d4 Nf6 2.c4 e6 3.Nc3 Bb4 4.Qc2 O-O 5.a3 Bxc3+ 6.Qxc3 b6 7.Bg5 c5 8.dxc5 bxc5
9.Nf3 a5 10.Nd2 Bb7 11.f3 h6 12.Bh4 a4 13.e3 d6 14.Bd3 Nbd7 15.O-O-O Qa5
16.Qc2 Rfb8 17.g4 Bc6 18.Bg3 Ne5 19.Bxe5 dxe5 20.h4 Nd7 21.Bh7+ Kh8 22.Be4 Qb6
23.Rh2 Ra7 24.Bxc6 Qxc6 25.Ne4 Rab7 26.g5 Rxb2 27.Qxb2 Rxb2 28.Rxb2 Qc7 29.gxh6 gxh6
30.Rxd7 Qxd7 31.Rb8+ Kg7 32.Rg8+  1-0

[Event "13th SIN-MAS"]
[Site "Singapore SIN"]
[Date "2001.11.11"]
[Round "1"]
[White "Ng Ee Vern"]
[Black "Chan Peng Kong"]
[Result "0-1"]
[WhiteElo "2224"]
[BlackElo "2383"]

1.d4 Nf6 2.c4 e6 3.Nc3 Bb4 4.Qc2 O-O 5.Bg5 h6 6.Bh4 d5 7.O-O-O Bxc3 8.Qxc3 Ne4
9.Qh3 Qe8 10.Qa3 dxc4 11.e3 b5 12.Be7 Nxf2 13.Bxf8 Qxf8 14.Qxf8+ Kxf8 15.Be2 Bb7
16.Nf3 Nxh1 17.Rxh1 Nd7 18.Rf1 a6 19.g4 Ke7 20.h4 c5 21.dxc5 Rc8 22.c6 Rxc6
23.g5 hxg5 24.Nxg5 Ne5 25.Bf3 Nxf3 26.Rxf3 f6 27.Nh3 e5 28.Rg3 Kf7 29.Kc2 Rc8
30.Nf2 a5 31.a3 Rh8 32.Rh3 g5 33.h5 f5 34.Kc3 g4 35.Rh4 Kf6 36.Nxg4+ fxg4
37.Rxg4 Rxh5 38.a4 Bc6 39.Rg8 b4+ 40.Kxc4 Bxa4 41.Ra8 e4 42.b3 Bd7 43.Kd4 Be6
44.Ra6 Ke7 45.Kxe4 Bxb3 46.Kd4 Be6 47.e4 Rb5  0-1

[Event "VII Sreiber Mem"]
[Site "Subotica YUG"]
[Date "2001.11.15"]
[Round "10"]
[White "Markus,R"]
[Black "Fontaine,R"]
[Result "1/2-1/2"]
[WhiteElo "2450"]
[BlackElo "2482"]

1.d4 Nf6 2.c4 e6 3.Nc3 Bb4 4.Qc2 O-O 5.a3 Bxc3+ 6.Qxc3 b6 7.Bg5 Bb7 8.f3 h6
9.Bh4 d5 10.e3 Nbd7 11.cxd5 Nxd5 12.Bxd8 Nxc3 13.Bh4 Nd5 14.Bf2 c5 15.Bb5 Rfd8
16.Ne2 cxd4 17.Nxd4 Ne5 18.O-O-O a6 19.Be2 b5 20.Rhe1 Rac8+ 21.Nc2 Rd7 22.Kb1 Rdc7
23.Rc1 Nc4 24.Red1 f5 25.Bxc4  1/2-1/2

[Event "ch-ROM"]
[Site "Targoviste ROM"]
[Date "2001.11.30"]
[Round "7"]
[White "Tugui,A"]
[Black "Berescu,A"]
[Result "1/2-1/2"]
[WhiteElo "2337"]
[BlackElo "2422"]

1.d4 Nf6 2.c4 e6 3.Nc3 Bb4 4.Qc2 O-O 5.a3 Bxc3+ 6.Qxc3 d6 7.g3 c5 8.dxc5 dxc5
9.Bg2 Qe7 10.b4 a5 11.Bb2 Re8 12.Nf3 axb4 13.axb4 Rxa1+  1/2-1/2

[Event "FSGMB December"]
[Site "Budapest HUN"]
[Date "2001.12.03"]
[Round "3"]
[White "Horvath,P1"]
[Black "Balogh,C"]
[Result "1-0"]
[WhiteElo "2441"]
[BlackElo "2367"]

1.d4 Nf6 2.c4 e6 3.Nc3 Bb4 4.Qc2 O-O 5.e4 d5 6.e5 Ne4 7.a3 Bxc3+ 8.bxc3 c5
9.Bb2 cxd4 10.cxd4 Bd7 11.Bd3 Qa5+ 12.Ke2 Rc8 13.f3 f5 14.exf6 Nxf6 15.c5 Bb5
16.Nh3 Nbd7 17.Bc3 Bxd3+ 18.Qxd3 Qc7 19.Qe3 e5 20.dxe5 Re8 21.f4 Ng4 22.Qf3 Qxc5
23.Qxg4 Qxc3 24.Rhc1 Nxe5 25.Qxg7+ Kxg7 26.Rxc3 Nc6+ 27.Kf2 Re7 28.Rd3 d4
29.Ng5 Rae8 30.Ra2 Re3 31.Rad2 b5 32.g3 a5 33.Nf3 Rxd3 34.Rxd3 Re4 35.Nd2 Re7
36.g4 a4 37.Kf3 Re1 38.Ne4 Rf1+ 39.Kg3 Rg1+ 40.Kh4 Re1 41.Nd6 b4 42.axb4 Nxb4
43.Rxd4 a3 44.Rxb4 a2 45.Nf5+ Kf8 46.Ra4 a1=Q 47.Rxa1 Rxa1 48.Kg5 Ra6 49.Nd4 Rg6+
50.Kh5 Rd6 51.Nf5 Ra6 52.g5 Ra4 53.Kg4 Kf7 54.Nh6+ Kg7 55.h4 Rb4 56.Nf5+ Kf7
57.h5 Ra4 58.Nh4 Rb4 59.Nf3 Ra4 60.Kf5 Kg7 61.h6+ Kg8 62.Ne5 Rb4 63.Nd7 Ra4
64.Nf6+ Kh8 65.Nd5 Ra6 66.Ke5 Rg6 67.Nc3 Ra6 68.f5 Kg8 69.Ne4 Kf7 70.Nd6+ Kg8
71.g6 Ra7 72.Ne4 Ra5+ 73.Kf6 hxg6 74.Kxg6 Ra7 75.Ng5 Rg7+ 76.Kh5 Ra7 77.f6 Rb7
78.h7+ Kh8 79.Kg6  1-0

[Event "sf ch-NED"]
[Site "Leeuwarden NED"]
[Date "2001.12.09"]
[Round "2.2"]
[White "Berkvens,J"]
[Black "Van der Wiel,J"]
[Result "1/2-1/2"]
[WhiteElo "2428"]
[BlackElo "2495"]

1.d4 Nf6 2.c4 e6 3.Nc3 Bb4 4.Qc2 O-O 5.Bg5 c5 6.dxc5 Qa5 7.Bxf6 gxf6 8.e4 Bxc3+
9.bxc3 Qxc5 10.Rb1 Na6 11.Nf3 Qe7 12.Qd2 Nc5 13.Qh6 Nxe4 14.Qh4 d5 15.Bd3 Re8
16.cxd5 exd5 17.O-O Bf5 18.Nd4 Bg6 19.Rfe1 Qc7 20.Bxe4 Rxe4 21.Rxe4 dxe4
22.Qxf6 Qxc3 23.Rd1 Re8 24.h4 e3 25.fxe3 Qxe3+ 26.Kh1 Qe5 27.Qf2  1/2-1/2

[Event "Friendship IM"]
[Site "Prerove CZE"]
[Date "2001.12.09"]
[Round "6"]
[White "Pataki,G"]
[Black "Szymanski,M"]
[Result "1/2-1/2"]
[WhiteElo "2344"]
[BlackElo "2385"]

1.d4 Nf6 2.c4 e6 3.Nc3 Bb4 4.Qc2 O-O 5.a3 Bxc3+ 6.Qxc3 Ne4 7.Qc2 f5 8.Nh3 d6
9.f3 Nf6 10.e3 e5 11.d5 a5 12.b3 Na6 13.Nf2 Nc5 14.Bb2 Bd7 15.Be2 Qe7 16.O-O Qf7
17.Nd3 Nxd3 18.Bxd3 Qh5 19.Be2 Qh6 20.Qc3 f4 21.exf4 Qxf4 22.Bc1 Qh4 23.f4 Bg4
24.Bd3 e4 25.Bc2 Rae8 26.Be3 Bd7 27.Bd1 Bg4 28.Bc2 Bd7 29.Bd1  1/2-1/2

[Event "Friendship IM"]
[Site "Prerove CZE"]
[Date "2001.12.14"]
[Round "11"]
[White "Pataki,G"]
[Black "Jurek,J"]
[Result "1/2-1/2"]
[WhiteElo "2344"]
[BlackElo "2362"]

1.d4 Nf6 2.c4 e6 3.Nc3 Bb4 4.Qc2 O-O 5.a3 Bxc3+ 6.Qxc3 b6 7.Bg5 Bb7 8.f3 h6
9.Bh4 d5 10.e3 Nbd7 11.cxd5 Nxd5 12.Bxd8 Nxc3 13.Bh4 Nd5 14.Bf2 c5 15.Bb5 Rfd8
16.e4 Nc7 17.Bxd7 Rxd7 18.dxc5 f5 19.cxb6 axb6 20.Nh3 fxe4 21.fxe4 Bxe4 22.O-O Rd2
23.Rfe1 Bb7 24.Rac1 Nd5 25.Rxe6 Rf8 26.Rd6 Rxb2 27.Rd7 Rf7 28.Rxf7 Kxf7 29.Bd4 Rd2
30.Bf2 g5 31.g3 Ra2 32.Bxb6 Nxb6 33.Rc7+  1/2-1/2

[Event "It"]
[Site "Lvov UKR"]
[Date "2001.12.18"]
[Round "1"]
[White "Golod,V"]
[Black "Sulypa,A"]
[Result "1/2-1/2"]
[WhiteElo "2517"]
[BlackElo "2513"]

1.d4 Nf6 2.c4 e6 3.Nc3 Bb4 4.Qc2 O-O 5.a3 Bxc3+ 6.Qxc3 d6 7.f3 Qe7 8.e4 e5
9.d5 c6 10.Ne2 b5 11.b3 bxc4 12.bxc4 Qc7 13.Be3 Nbd7 14.Qd2 Ba6 15.Nc3 cxd5
16.cxd5 Bxf1 17.Rxf1 Rfc8 18.Nb5 Qb8 19.Rb1 Nc5 20.Ke2 Qb6 21.Rfc1 Nfd7 22.Kf1 Rab8
23.Rb4 h5 24.Kg1 a5 25.Rbb1 Qa6 26.Qe2 a4 27.Rb4 Nb3 28.Rxc8+ Rxc8 29.Rc4 Ndc5
30.Nc3 Rb8 31.Kf1 Qa5  1/2-1/2

[Event "Troll Masters"]
[Site "Gausdal NOR"]
[Date "2002.01.05"]
[Round "2"]
[White "Bjerke,S"]
[Black "Giddins,S"]
[Result "1/2-1/2"]
[WhiteElo "2071"]
[BlackElo "2285"]

1.d4 e6 2.c4 Nf6 3.Nc3 Bb4 4.Qc2 O-O 5.a3 Bxc3+ 6.Qxc3 b5 7.cxb5 c6 8.Bg5 cxb5
9.e3 Bb7 10.Nf3 a6 11.Be2 Nc6 12.Rc1 Rc8 13.Qd2 h6 14.Bxf6 Qxf6 15.O-O Nb8
16.Rxc8 Rxc8 17.Rc1 Qd8 18.Ne1 Rxc1 19.Qxc1 Qb6 20.Bf3 Bxf3 21.Nxf3 Qc6 22.Qd2 d6
23.h3 Nd7 24.Ne1 Nb6 25.Nd3 Nc4 26.Qc3 a5 27.Qc1 a4 28.Qc3 Qe4 29.b3 axb3  1/2-1/2

[Event "Troll Masters"]
[Site "Gausdal NOR"]
[Date "2002.01.07"]
[Round "4"]
[White "Bjerke,S"]
[Black "Tallaksen,G"]
[Result "0-1"]
[WhiteElo "2071"]
[BlackElo "2235"]

1.d4 Nf6 2.c4 e6 3.Nc3 Bb4 4.Qc2 O-O 5.a3 Bxc3+ 6.Qxc3 b6 7.Bg5 Ba6 8.e3 d6
9.Bd3 Nbd7 10.Ne2 h6 11.Bh4 c5 12.b3 Rc8 13.Qd2 cxd4 14.Nxd4 Nc5 15.Bc2 g5
16.Bg3 Nce4 17.Bxe4 Nxe4 18.Qc2 d5 19.Qb1 f5 20.f3 Nxg3 21.hxg3 Qf6 22.cxd5 Rc3
23.Kf2 Rxe3 24.Nxe6 Rxe6 25.dxe6 Qd4+ 26.Ke1 Qe3+ 27.Kd1 Qe2+ 28.Kc1 Rc8+
29.Qc2 Qxc2+  0-1

[Event "Troll Masters"]
[Site "Gausdal NOR"]
[Date "2002.01.11"]
[Round "9"]
[White "Bjerke,S"]
[Black "Van Hoolandt,P"]
[Result "1-0"]
[WhiteElo "2071"]
[BlackElo "2155"]

1.d4 Nf6 2.c4 e6 3.Nc3 Bb4 4.Qc2 O-O 5.a3 Bxc3+ 6.Qxc3 b6 7.Bg5 Bb7 8.f3 d5
9.cxd5 exd5 10.e3 Re8 11.Be2 Nbd7 12.Nh3 h6 13.Bh4 Rc8 14.O-O Qe7 15.Bf2 c5
16.Rac1 c4 17.Kh1 Nf8 18.Rce1 b5 19.Bd1 Rc6 20.Bc2 b4 21.axb4 Rb6 22.b5 Ne6
23.e4 Rc8 24.e5 Nd7 25.f4 Nc7 26.f5 Nxb5 27.Qg3 f6 28.e6 Nf8 29.Be3 Kh8 30.Rf4 Nd6
31.Bc1 Bc6 32.Rh4 Rb7 33.Nf4 Ne4 34.Bxe4 dxe4 35.d5 Rb3 36.Re3 Bb7 37.d6 Rxe3
38.dxe7 Rxg3 39.exf8=Q+ Rxf8 40.hxg3 Rd8 41.Be3 Rd1+ 42.Kh2 Kg8 43.Ng6 Rd3
44.Bxa7 Rd2 45.Rf4 Rxb2 46.Rf1 c3 47.Bd4 e3 48.Bxc3 Rxg2+ 49.Kh3 Rf2 50.Rd1 Bg2+
51.Kh4 Rxf5 52.Ne7+  1-0

[Event "39th BPCL ch-IND"]
[Site "Nagpur IND"]
[Date "2002.01.16"]
[Round "1"]
[White "Babu,NS"]
[Black "Gokhale,C"]
[Result "0-1"]
[WhiteElo "2386"]
[BlackElo "2407"]

1.d4 Nf6 2.c4 e6 3.Nc3 Bb4 4.Qc2 O-O 5.a3 Bxc3+ 6.Qxc3 b6 7.Bg5 Bb7 8.f3 c5
9.dxc5 bxc5 10.e3 h6 11.Bh4 Qe7 12.Nh3 d6 13.Nf2 Nbd7 14.Ng4 e5 15.e4 Qe6
16.Ne3 g6 17.O-O-O Ne8 18.g4 Nb8 19.Qd2 Kh7 20.Bd3 f6 21.Rhg1 Qf7 22.Rdf1 Nc6
23.Kb1 Nd4 24.Bg3 Qe7 25.Nd5 Bxd5 26.exd5 f5 27.gxf5 Nxf5 28.Bf2 Neg7 29.Re1 Qf6
30.f4 exf4 31.Qxf4 Rab8 32.Qd2 Rb3 33.Re2 Rfb8 34.Ka2 Nh5 35.Rb1 Nd4 36.Bxd4 Qxd4
37.Rd1 Nf4 38.Bxg6+ Kxg6 39.Qxd4 cxd4 40.Rf2 Nd3 41.Rg2+ Kh7 42.Rdd2 a5 43.Ka1 a4
44.Rge2 R8b7 45.h4 Rf7 46.Rd1 Nc5 47.Rxd4 Nd3 48.Rd2 Rf1+ 49.Ka2 Nc1+ 50.Kb1 Ne2+  0-1